Catalog

Record Details

Catalog Search



WJEC/Eduqas AS/A-level Geography Student Guide 1: Changing Places

David Burtenshaw (Author).

Available copies

  • 2 of 2 copies available at Headquarters.

Current holds

0 current holds with 2 total copies.

Location Call Number / Copy Notes Barcode Shelving Location Status Due Date
Accra Central Library 201 910/BUR 000000691826 900 - Atlases, Geography, History & Travel, Continents, Countries - REF Available -
Accra Central Library 201 910/BUR 000000691819 900 - Atlases, Geography, History & Travel, Continents, Countries - LEND Available -

Record details

  • ISBN: 9781471864056
  • Physical Description: paperback
  • Publisher: London Philip Allan Updates 2016
Subject: Geography
LDR 00620cam a2200205Ka 4500
00162916
003HQ
00520200911162802.0
008070101s xxka er 0 eng d
020 . ‡a9781471864056
037 . ‡aBook Aid
082 . ‡a910/BUR
100 . ‡aDavid Burtenshaw
245 . ‡aWJEC/Eduqas AS/A-level Geography Student Guide 1: Changing Places
260 . ‡aLondon ‡bPhilip Allan Updates ‡c2016
300 . ‡apaperback
650 . ‡aGeography
901 . ‡a62916 ‡bAUTOGEN ‡c62916 ‡tbiblio

Additional Resources